Score 0/25 Timer 08:00
2 Plays Today
% Correct
House M.D.
94.7%
Two and a Half Men
94.5%
The Voice
94.5%
Scrubs
94%
Sabrina, the Teenage Witch
86%
American Dad!
83.3%
The West Wing
79%
Dexter
75.7%
Black-ish
73.4%
Dawson's Creek
72.8%
CSI: Miami
70.8%
Ally McBeal
69.7%
Scandal
68.1%
% Correct
Curb Your Enthusiasm
67.8%
The Good Wife
67.2%
Killing Eve
67.2%
The Blacklist
61.5%
Unbreakable Kimmy Schmidt
59.5%
Parenthood
45.1%
Bless This Mess
42.6%
Fringe
37.3%
Private Practice
31.7%
Full Frontal with Samantha Bee
31.3%
Cybill
27.8%
Disjointed
27.6%

You're not logged in!

Compare scores with friends on all Sporcle quizzes.
OR
Log In

Sporcle TV

Today on Sporcle TV


Watch our educational content, quiz creation guides, and fun videos on Sporcle TV.

Show Comments

Extras

Top Quizzes Today


Score Distribution

Paid Content

Your Account Isn't Verified!

In order to create a playlist on Sporcle, you need to verify the email address you used during registration. Go to your Sporcle Settings to finish the process.

Report this User

Report this user for behavior that violates our Community Guidelines.

Details: